00467 2200169 4500001002100000008004100021035002000062245005900082100001300141260003200154300002600186020002200212084001800234082001000252650001400262990002100276INLIS000000000002648 ind  a0010-0425000004 aReferensi matematika dalam kehidupan manusiacWahyudin aWahyudin aJakarta :bIPA Abong,c2008 a192 hlm.c13 x 19 cm. a978-602-60644-3-1 aR 510.6 Wah r a510.6 aReferensi a03/R/SMPN7SBY/16